Quizzes
Events
Quiz Creation
Community
Videos
Private Events
Remove Ads
Sign In
Join for FREE
Feedback
Dark Mode
Quiz Categories
Sports
Geography
Music
Movies
Television
Just For Fun
Miscellaneous
History
Literature
Language
Science
Gaming
Entertainment
Religion
Holiday
For Kids
Quiz Lab
Recent
Popular Today
Quiz Kudos Today
Editor Picks
Curator Picks
Quizzes by...
Day
Popularity
Type
Ratings
Length
Year
Community
Subscriptions
Recent Discussions
Orange Saloon
Badges
Playlists
Quests
Create
Leaderboards
Showdown
Live 5
Trivia Bingo
Activity
Puzzle Library
Sporcle Events
Private Events
Virtual Trivia
Globe League
Become a Host
Pub Owners
SporcleCon
Opinionation
Our Games
Videos
Blog
Mobile Apps
Partnerships
Remove Ads and Go Orange
Feedback
Television
TV Characters
TV Show
Sitcom
Network
Friends
Reality Shows
Cast
South Park
Star Trek
The Simpsons
Doctor Who
Television
TV Characters
TV Show
Sitcom
Network
Friends
Reality Shows
Cast
South Park
Star Trek
The Simpsons
Doctor Who
Random Quiz
Search Sporcle
×
Quiz Lab
Quiz Lab
Television
Animation
Type in answers that appear in a list
Type in answers that appear in a list
Classic
Best Score? Go Orange.
SpongeBob Characters Stats
Can you name the recurring characters on 'SpongeBob SquarePants'?
By
TimStarz09
5m
22 Questions
1,814 Plays
1,814 Plays
1,814 Plays
Comments
Comments
Give Quiz Kudos
Give Quiz Kudos
-
- Ratings
hide this ad
Replay
Link that replays current quiz
Next Quiz
Link to next quiz in quiz playlist
You Got
0%
They Got
Avg Score
52%
Avg Friend Score
Upgrade to see
Score Distribution
Jump to the score distribution portion of the page
Score
0/22
Timer
05:00
0
Plays Today
Season Introduced
Character
% Correct
Season 1
Patrick Star
98.2%
Season 1
SpongeBob SquarePants
97.7%
Season 1
Sandy Cheeks
93.7%
Season 1
Squidward Tentacles
93.2%
Season 1
Mr. Krabs
90.9%
Season 1
Plankton
79.9%
Season 1
Pearl
69.9%
Season 1
Gary
69.8%
Season 1
Larry the Lobster
68.3%
Season 1
Mrs. Puff
66.4%
Season 1
Mermaid Man
45.1%
Season Introduced
Character
% Correct
Season 2
Karen the Computer Wife
43.2%
Season 1
Barnacle Boy
42.1%
Season 1
Flying Dutchman
31.6%
Season 2
Squilliam Fancyson
30.3%
Season 2
Man Ray
30%
Season 1
The Dirty Bubble
28.7%
Season 2
Grandma SquarePants
20.7%
Season 2
Patchy the Pirate
17.8%
Season 1
SpongeBob's Mom
16.6%
Season 1
SpongeBob's Dad
16.6%
Season 4
Perch Perkins
13.1%
Quiz Playlist
Details
Report
Send in Message
Add To Playlist
Classic:
Type in answers that appear in a list
Last Updated: Sep 26, 2018
Quiz Scoreboard
CHALLENGE
Sign Up to Join the Scoreboard
Show All
Scores
Hide
Comments
May contain spoilers
Recently Published
1-10 Letter E Words III
by El_Dandy
Language
2m
One Thing in Common: World Cities II
by knightlancer
Geography
7m
Popular People in 1961
by mucciniale
History
6m
More to Explore
Quiz From the Vault
Featured Blog Post
Where Did the Easter Bunny Come From?
hide this ad
You Might Also Like...
Tags
Animation Quiz
Character
Recurring
season
SpongeBob
Today's Top Quizzes in Television
Browse Television
hide this ad
Today's Top Quizzes in Animation
Browse Animation
Top Contributed Quizzes in Television
1
One Piece Logic Puzzle
2
Survivor Logic Puzzle: Heroes vs. Villains
3
Survivor Seasons
4
Survivor Season by Logo
5
Ultimate Survivor Logic Puzzle
6
Survivor Logic Puzzle: Winners at War
7
Survivor Trivia
8
Survivor Heroes vs. Villains Logic Puzzle
9
All US Survivor Seasons in Order
10
Emmerdale Characters (from August 2012)
Explore More
Trending Topics
Kpop
Anime
Marvel
Harry Potter
Disney
NBA
Crossword
Puzzle
Soccer
Song
NFL
The Office
Country
WWE
Pokémon
hide this ad
More By:
TimStarz09
Quiz
Plays
Rating
Category
Featured
Created
Top 25 Mario Games
4,270
3.53
Gaming
Nov 4, 2009
Hairspray Songs
3,394
3.44
Music
Oct 6, 2009
Sims 3 Traits
2,037
4.83
Gaming
Oct 14, 2009
Top 50 Animated Films
2,027
3.72
Movies
Nov 5, 2009
Toontown Gags
1,816
2.53
Gaming
Sep 25, 2009
Go to Creator's Profile
Score Distribution
Quiz Creator Spotlight
TimStarz09
Follow
Send a Message
Quizzes Created
-
Created Quiz Play Count
-
More By This Creator
Popular Quizzes Today
1
Find the US States - No Outlines Minefield
2
The Countries of the World
3
Popular People in 1961
4
Find the Countries of Europe - No Outlines Minefield
5
1-10 Letter E Words III
6
Find the US States
7
One Thing in Common: World Cities II
8
US States
More Television Quizzes
Yellowstone Characters
Published
Trending Quizzes
1-10 Letter F Words
One Thing in Common: Music
1-10 Letter G Words
Risky Map Clicking: Next State Alphabetically
1-10 Letter F Words II
Recently Updated
Leaping Animals
pecheneg
Reality TV Shows (A-Z)
bhenderson79
Rickey Henderson's Hall of Fame Teammates
pecheneg
Champions League XIs: Arsenal
pecheneg
Quick Pick: Celebrities in WWE's Hall of Fame
aduchscher
A-Z Keypad Blitz II
pecheneg
Multiple Oscar Actors
pecheneg
Mystery Phrase Blitz: Oscar 'Best Actors'
pecheneg
F. Scott Fitzgerald Novels
LTH
Pick 3 Villains
ddd62291
Trending Topics
Crossword
Harry Potter
NBA
Kpop
Anime
Marvel
Disney
The Office
Soccer
Country
WWE
NFL
Pokémon
Song
Puzzle
Your Account Isn't Verified!
In order to create a playlist on Sporcle, you need to verify the email address you used during registration. Go to your
Sporcle Settings
to finish the process.
Report this User
Report this user for behavior that violates our
Community Guidelines
.
Details:
Send Report
Go to the Sporcle.com Mobile Site →
Comments